Wind farms hit house prices (Record no. 118271)
[ view plain ]
| 000 -LEADER | |
|---|---|
| fixed length control field | 01051cam a2200205 4500 |
| 001 - CONTROL NUMBER | |
| control field | WB@3612-302 |
| 008 - FIXED-LENGTH DATA ELEMENTS--GENERAL INFORMATION | |
| fixed length control field | 041104n2004 000 0 eng u |
| 035 ## - SYSTEM CONTROL NUMBER | |
| System control number | (Sirsi) u127902 |
| 245 ## - TITLE STATEMENT | |
| Title | Wind farms hit house prices |
| 260 ## - PUBLICATION, DISTRIBUTION, ETC. | |
| Date of publication, distribution, etc. | 2004 |
| 490 ## - SERIES STATEMENT | |
| Series statement | RICS Press Release |
| Volume/sequential designation | (pr095) 3 November 2004 (2) |
| 520 ## - SUMMARY, ETC. | |
| Summary, etc. | "Impact of wind farms on the value of residential property and agricultural land: an RICS survey" has just been released. The research shows that a planning application for a wind farm hits local property values, but the negative impact diminishes as time goes by. The findings come from a snapshot of the housing market by RICS. Research is based on views of chartered surveyors with experience in property sales near wind farms. The report is available to download from the website. http://www.rics.org/RICSWEB/getpage.aspx?p=iOMUx46 ckEyFim60_1jsHQ== |
| 590 ## - LOCAL NOTE (RLIN) | |
| Local note | WB |
| 590 ## - LOCAL NOTE (RLIN) | |
| Local note | WB |
| 650 ## - SUBJECT ADDED ENTRY--TOPICAL TERM | |
| Topical term or geographic name entry element | WIND FARMS |
| 650 ## - SUBJECT ADDED ENTRY--TOPICAL TERM | |
| Topical term or geographic name entry element | ENVIRONMENTAL IMPACT |
| 650 ## - SUBJECT ADDED ENTRY--TOPICAL TERM | |
| Topical term or geographic name entry element | PROPERTY PRICES |
| 690 ## - LOCAL SUBJECT ADDED ENTRY--TOPICAL TERM (OCLC, RLIN) | |
| Topical term or geographic name as entry element | ENVIRONMENT |
| 9 (RLIN) | 6238 |
| 942 ## - ADDED ENTRY ELEMENTS (KOHA) | |
| Suppress in OPAC | 0 |
| Withdrawn status | Lost status | Source of classification or shelving scheme | Damaged status | Not for loan | Home library | Current library | Shelving location | Date acquired | Total Checkouts | Full call number | Barcode | Date last seen | Copy number | Price effective from | Koha item type |
|---|---|---|---|---|---|---|---|---|---|---|---|---|---|---|---|
| Dewey Decimal Classification | London | London | News article | 04/11/2004 | WB4042-05 | 127902-1001 | 06/08/2019 | 1 | 06/08/2019 | News article |